JR西日本の特急列車/Limited Express Trains of JR West - Statistics

General Stats
  • This quiz has been taken 161 times
    76 since last reset
  • The average score is 18 of 25
Answer Stats
Line(s) Serving 使用路線 Origin 起点 Destination 終点 Train 車両 Name 列車名 % Correct
Tokaido Main Line, Kosei Line, Hokuriku Main Line 東海道本線、湖西線、北陸本線 Osaka 大阪 Tsuruga 敦賀 681系/683系 Thunderbird/サンダーバード
98%
Tokaido Main Line, Umeda Freight Line, Osaka Loop Line, Hanwa Line, Kansai Airport Line 東海道本線、梅田貨物線、大阪環状線、阪和線、関西空港線 Yasu/Kusatsu/Kyoto 野洲/草津/京都 Kansai Airport 関西空港 281系/271系 Haruka/はるか
89%
Tokaido Main Line, Takayama Main Line 東海道本線、高山本線 Nagoya/Osaka 名古屋/大阪 Takayama/Hida Furukawa/Toyama 高山/飛騨古川/富山 HC85系(JR東海) Hida/ひだ
88%
Tokaido Main Line, Hokuriku Main Line 東海道本線、北陸本線 Nagoya/Maibara 名古屋/米原 Tsuruga 敦賀 681系/683系 Shirasagi/しらさぎ
86%
Tokaido Main Line, Sanyo Main Line, Hakubi Line, San'in Main Line 東海道本線、山陽本線、伯備線、山陰本線 Tokyo 東京 Izumo Shi 出雲市 285系 Sunrise Izumo/サンライズ出雲
86%
Tokaido Main Line, Sanyo Main Line, Seto Ohashi Line, Yosan Line 東海道本線、山陽本線、瀬戸大橋線、予讃線 Tokyo 東京 Takamatsu 高松 285系 Sunrise Seto/サンライズ瀬戸
86%
Tokaido Main Line, Umeda Freight Line, Osaka Loop Line, Hanwa Line, Kisei Main Line 東海道本線、梅田貨物線、大阪環状線、阪和線、 紀勢本線 Shin Osaka/Kyoto 新大阪/京都 Wakayama/Kainan/Shirahama/Shingu 和歌山/海南/白浜/新宮 283系/287系/289系 Kuroshio/くろしお
83%
Tokaido Main Line, Sanyo Main Line, Chizu Express Line, Inbi Line, San'in Main Line 東海道本線、山陽本線、智頭急行線、因美線、山陰本線 Kyoto/Osaka 京都/大阪 Kurayoshi/Tottori 倉吉/鳥取 HOT7000系 Super Hakuto/スーパーはくと
83%
Sanyo Main Line, Hakubi Line, San'in Main Line 山陽本線、伯備線、山陰本線 Okayama 岡山 Izumo Shi 出雲市 381系 Yakumo/やくも
81%
San'in Main Line 山陰本線 Kyoto 京都 Fukuchiyama/Toyooka/Kinosaki Onsen 福知山/豊岡/城崎温泉 287系/289系 Kinosaki/きのさき
77%
Tokaido Main Line, Fukuchiyama Line, San'in Main Line 東海道本線、福知山線、山陰本線 Shin Osaka 新大阪 Fukuchiyama/Toyooka/Kinosaki Onsen 福知山/豊岡/城崎温泉 287系/289系 Kounotori/こうのとり
77%
Tokaido Main Line, Sanyo Main Line, Bantan Line, San'in Main Line 東海道本線、山陽本線、播但線、山陰本線 Osaka 大阪 Toyooka/Kinosaki Onsen/Kasumi/Tottori 豊岡/城崎温泉/香住/鳥取 キハ189系 Hamakaze/はまかぜ
73%
Sanyo Main Line, Chizu Express Line, Inbi Line 山陽本線、智頭急行線、因美線 Okayama 岡山 Tottori 鳥取 キハ187系 Super Inaba/スーパーいなば
73%
IR Ishikawa Railway Line, Nanao Line IRいしかわ鉄道線、七尾線 Kanazawa 金沢 Nanao/Wakura Onsen 七尾/和倉温泉 681系/683系 Noto Kagaribi/能登かがり火
72%
San'in Main Line, Yamaguchi Line 山陰本線、山口線 Tottori/Yonago 鳥取/米子 Shin Yamaguchi 新山口 キハ187系 Super Oki/スーパーおき
72%
San'in Main Line/KTR Miyafuku Line/KTR Miyazu Line 山陰本線、京都丹後鉄道宮福線・宮津線 Kyoto/Fukuchiyama 京都/福知山 Miyazu/Amanohashidate/Kumihama 宮津/天橋立/久美浜 287系/KTR8000形 Hashidate/はしだて
70%
Seto Ohashi Line, Yosan Line, Dosan Line 瀬戸大橋線、予讃線、土讃線 Okayama 岡山 Kochi 高知 2700系(JR四国) Nanpu/南風
70%
Kansai Main Line、Ise Railway Ise Line, Kisei Main Line 関西本線、伊勢鉄道伊勢線、紀勢本線 Nagoya 名古屋 Shingu/Kii Katsuura 新宮/紀伊勝浦 HC85系(JR東海) Nanki/南紀
69%
Seto Ohashi Line, Yosan Line 瀬戸大橋線、予讃線 Okayama 岡山 Iyo Saijo/Matsuyama 伊予西条/松山 8000系/8600系(JR四国) Shiokaze/しおかぜ
67%
San'in Main Line/Maizuru Line 山陰本線、 舞鶴線 Kyoto 京都 Higashi Maizuru 東舞鶴 287系/KTR8000形 Maizuru/まいづる
66%
Seto Ohashi Line, Yosan Line, Kotoku Line 瀬戸大橋線、予讃線、高徳線 Okayama/Takamatsu 岡山/高松 Tokushima 徳島 2600系/2700系/キハ185系(JR四国) Uzushio/うずしお
61%
Tokaido Main Line, Sanyo Main Line 東海道本線、山陽本線 Kyoto 京都 Aboshi 網干 289系 Rakuraku Harima/らくラクはりま
56%
San'in Main Line 山陰本線 Tottori 鳥取 Yonago/Masuda 米子/益田 キハ187系 Super Matsukaze/スーパーまつかぜ
53%
Kansai Main Line, Osaka Loop Line, Tokaido Main Line (Umeda Freight Line) 関西本線、大阪環状線、東海道本線、梅田貨物線 Nara 奈良 Shin Osaka 新大阪 287系 Rakuraku Yamato/らくラクやまと
50%
Tokaido Main Line 東海道本線 Maibara /Kusatsu 米原/草津 Osaka 大阪 683系/キハ189系 Rakuraku Biwako/らくラクびわこ
48%
No matching quizzes found
Score Distribution
Percent of People with Each Score
Percentile by Number Answered
Your Score History
You have not taken this quiz since the last reset